THE RAZORS EDGE (Record no. 74763)

MARC details
000 -LEADER
fixed length control field 00418nam a2200181Ia 4500
008 - FIXED-LENGTH DATA ELEMENTS--GENERAL INFORMATION
fixed length control field 090123s9999 xx 000 0 und d
082 ## - DEWEY DECIMAL CLASSIFICATION NUMBER
Item number 36695
100 ## - MAIN ENTRY--PERSONAL NAME
Personal name W MAUGHAM SOMERSEL
245 ## - TITLE STATEMENT
Title THE RAZORS EDGE
250 ## - EDITION STATEMENT
Edition statement 0
260 ## - PUBLICATION, DISTRIBUTION, ETC. (IMPRINT)
Name of publisher, distributor, etc POCKET BOOK
300 ## - PHYSICAL DESCRIPTION
Extent 296
600 ## - SUBJECT ADDED ENTRY--PERSONAL NAME
Personal name W MAUGHAM SOMERSEL
630 ## - SUBJECT ADDED ENTRY--UNIFORM TITLE
Uniform title THE RAZORS EDGE
700 ## - ADDED ENTRY--PERSONAL NAME
Personal name W MAUGHAM SOMERSEL
730 ## - ADDED ENTRY--UNIFORM TITLE
Uniform title THE RAZORS EDGE
942 ## - ADDED ENTRY ELEMENTS (KOHA)
Koha item type Book
Holdings
Withdrawn status Lost status Damaged status Not for loan Home library Current library Date acquired Cost, normal purchase price Total Checkouts Full call number Barcode Date last seen Cost, replacement price Price effective from Koha item type
        Jawahar Wachalanalaya, Kalwa Jawahar Wachalanalaya, Kalwa 06/04/2004 0.00   36695 KLW-36695 01/23/2009 0.00 01/23/2009 Book